Asamar sanskritir swarup/ (Record no. 11886)

MARC details
000 -LEADER
fixed length control field 00504nam a22001937a 4500
005 - DATE AND TIME OF LATEST TRANSACTION
control field 20240827073405.0
008 - FIXED-LENGTH DATA ELEMENTS--GENERAL INFORMATION
fixed length control field 240827b |||||||| |||| 00| 0 eng d
020 ## - INTERNATIONAL STANDARD BOOK NUMBER
International Standard Book Number 9788119679171
040 ## - CATALOGING SOURCE
Original cataloging agency IN-DiNC
Transcribing agency IN-DiNC
041 ## - LANGUAGE CODE
Language code of sung or spoken text Assamese
082 ## - DEWEY DECIMAL CLASSIFICATION NUMBER
Classification number 398.054162
Item number NAT
100 ## - MAIN ENTRY--PERSONAL NAME
Personal name Nath, Dipen
Relator term Author
245 ## - TITLE STATEMENT
Title Asamar sanskritir swarup/
Statement of responsibility, etc. by Dipen Nath
250 ## - EDITION STATEMENT
Edition statement 1st ed.
260 ## - PUBLICATION, DISTRIBUTION, ETC.
Place of publication, distribution, etc. Jorhat:
Name of publisher, distributor, etc. Bidya bhawan,
Date of publication, distribution, etc. 2024.
300 ## - PHYSICAL DESCRIPTION
Extent 239p.
650 ## - SUBJECT ADDED ENTRY--TOPICAL TERM
Topical term or geographic name entry element Nature of Assamese culture
942 ## - ADDED ENTRY ELEMENTS (KOHA)
Source of classification or shelving scheme Dewey Decimal Classification
Koha item type Books
Holdings
Withdrawn status Lost status Source of classification or shelving scheme Damaged status Not for loan Collection code Home library Current library Shelving location Date acquired Cost, normal purchase price Total Checkouts Full call number Barcode Date last seen Date last checked out Copy number Price effective from Koha item type
    Dewey Decimal Classification     Assamese Central Library, Naharkatiya College Central Library, Naharkatiya College General Stacks 27/08/2024 220.00 4 398.054162 NAT 30266 01/12/2025 15/10/2025 1 27/08/2024 Books
    Dewey Decimal Classification     Assamese Central Library, Naharkatiya College Central Library, Naharkatiya College General Stacks 27/08/2024 220.00 10 398.054162 NAT 30267 06/12/2025 01/12/2025 2 27/08/2024 Books
    Dewey Decimal Classification     Assamese Central Library, Naharkatiya College Central Library, Naharkatiya College General Stacks 27/08/2024 220.00 10 398.054162 NAT 30268 01/12/2025 07/11/2025 3 27/08/2024 Books
    Dewey Decimal Classification     Assamese Central Library, Naharkatiya College Central Library, Naharkatiya College General Stacks 27/08/2024 220.00 5 398.054162 NAT 30269 04/12/2025 18/11/2025 4 27/08/2024 Books

Naharkatiya College © 2020. All rights reserved.

Powered By